| 000 | 00983 a2200169 4500 | ||
|---|---|---|---|
| 003 | Nust | ||
| 005 | 20221202100320.0 | ||
| 040 | _cNust | ||
| 082 | _a539.7,SOD | ||
| 100 |
_aSoddy, Frederick _9103960 |
||
| 245 |
_aThe story of atomic energy / _cFrederick Soddy |
||
| 260 |
_aLondon _bA New Atlantis Pub. _c1949 |
||
| 300 | _aviii, 136 p. | ||
| 505 | _aAlchemy To Chemistry (Page-1), The Modern Atomic And Molecular Theories (Page-11), Energy And Electricity (Page-25), X-Rays, Radioactivity And The Electron (Page-35), The Discovery Of Atomic Energy (Page-43), Energy And Mass: Isotopes (Page-56), Quantum Theory And The Nuclear Atom (Page-64), The Quantum Theory And Chemistry (Page-72), Progress Upto First Artificial Transmutation (Page-85), Fundamental New Discoveries And Methods (Page-99), Progress Upto Atomic Fission (Page-108), Practical Transmutation (Page-118), The Future Of Atomic Energy (Page-124). | ||
| 650 |
_aAtomic energy _9103961 |
||
| 942 |
_2ddc _cBK _k539.7,SOD |
||
| 999 |
_c184496 _d184496 |
||